00349 a2200097 4500001001000000005001700010008004100027245005100068100002300119773010900142ART_1620320260410161853.0260409a 10aEl paradigma discursivo de la "ciencia social"1 aUrriza, R. Ignacio0 tFilosofía del derechogCuestiones epistemológica y normativas - Año I, Nº 2 (dic. 2012)wREV10449